Brainstorming common core : challenging the way we think about education / (Record no. 71528)

000 -LEADER
fixed length control field 01568cam a22003498i 4500
001 - CONTROL NUMBER
control field 18522990
003 - CONTROL NUMBER IDENTIFIER
control field NUST - PNEC
005 - DATE AND TIME OF LATEST TRANSACTION
control field 20170116181203.0
008 - FIXED-LENGTH DATA ELEMENTS--GENERAL INFORMATION
fixed length control field 150311s2015 mdu b 001 0 eng
010 ## - LIBRARY OF CONGRESS CONTROL NUMBER
LC control number 2014047749
020 ## - INTERNATIONAL STANDARD BOOK NUMBER
International Standard Book Number 9781475817706 (cloth : alk. paper)
020 ## - INTERNATIONAL STANDARD BOOK NUMBER
International Standard Book Number 9781475817713 (pbk.)
020 ## - INTERNATIONAL STANDARD BOOK NUMBER
Canceled/invalid ISBN 9781475817720 (electronic)
040 ## - CATALOGING SOURCE
Original cataloging agency DLC
Language of cataloging eng
Transcribing agency LIBRARY
Description conventions rda
042 ## - AUTHENTICATION CODE
Authentication code pcc
043 ## - GEOGRAPHIC AREA CODE
Geographic area code n-us---
050 00 - LIBRARY OF CONGRESS CALL NUMBER
Classification number LB3060.83
Item number .L44 2015
082 00 - DEWEY DECIMAL CLASSIFICATION NUMBER
Classification number 379.1580973 LEE
Edition number 23
100 1# - MAIN ENTRY--PERSONAL NAME
Personal name Lee, Eldon,
Dates associated with a name 1942-
245 10 - TITLE STATEMENT
Title Brainstorming common core : challenging the way we think about education /
Statement of responsibility, etc. Eldon "Cap" Lee.
260 ## - PUBLICATION, DISTRIBUTION, ETC.
Place of publication, distribution, etc. New York:
Name of publisher, distributor, etc. Browman & Littlefield;
Date of publication, distribution, etc. c2015.
300 ## - PHYSICAL DESCRIPTION
Extent xiii, 199 pages ;
Dimensions 24 cm
504 ## - BIBLIOGRAPHY, ETC. NOTE
Bibliography, etc. note Includes bibliographical references and index.
505 0# - FORMATTED CONTENTS NOTE
Formatted contents note Common core : changing it forward -- Reconstructing the educational design -- Foraging the pathway to success -- Higher level achievement : teaching the whole child -- De-coupling the testing debacle -- A time for action!
650 #0 - SUBJECT ADDED ENTRY--TOPICAL TERM
Topical term or geographic name entry element Common Core State Standards (Education)
650 #0 - SUBJECT ADDED ENTRY--TOPICAL TERM
Topical term or geographic name entry element Education
General subdivision Standards
Geographic subdivision United States.
650 #0 - SUBJECT ADDED ENTRY--TOPICAL TERM
Topical term or geographic name entry element Academic achievement
Geographic subdivision United States.
General subdivision General
856 ## - ELECTRONIC LOCATION AND ACCESS
Uniform Resource Identifier <a href="http://www.amazon.com/Brainstorming-Common-Core-Challenging-Education/dp/1475817711/ref=sr_1_1?s=books&ie=UTF8&qid=1455786344&sr=1-1&keywords=9781475817713">http://www.amazon.com/Brainstorming-Common-Core-Challenging-Education/dp/1475817711/ref=sr_1_1?s=books&ie=UTF8&qid=1455786344&sr=1-1&keywords=9781475817713</a>
906 ## - LOCAL DATA ELEMENT F, LDF (RLIN)
a 0
b vip
c orignew
d 1
e ecip
f 20
g y-gencatlg
942 ## - ADDED ENTRY ELEMENTS (KOHA)
Source of classification or shelving scheme
Koha item type Book
Holdings
Withdrawn status Lost status Source of classification or shelving scheme Materials specified (bound volume or other part) Damaged status Not for loan Permanent Location Current Location Shelving location Date acquired Source of acquisition Cost, normal purchase price Total Checkouts Full call number Barcode Date last seen Cost, replacement price Price effective from Koha item type
      paperback     Pakistan Navy Engineering College (PNEC) Pakistan Navy Engineering College (PNEC)   12/07/2015 Siddiqui Enterprises/Reference grant 3351.00   379.1580973 LEE PNECLIB-032417 02/18/2016 3351.00 12/07/2015 Book
© 2023 Central Library, National University of Sciences and Technology. All Rights Reserved.